| 000 | 01827nam a2200265 4500 | ||
|---|---|---|---|
| 003 | OSt | ||
| 005 | 20211204195335.0 | ||
| 008 | s2000 le fre u | ||
| 040 | _aLB-BrCRDP | ||
| 082 | 1 |
_aPhi.Ar. _bS3.CRDP.Gui. |
|
| 100 | 1 | _aشيّا، محمّد | |
| 245 | 1 | 0 |
_aالفلسفة التعليم الثانوي السنة الثالثة فروع الإجتماع والإقتصاد العلوم العامة الدليل التربوي _cمحمّد شيّا، أنطوان سيف |
| 260 |
_aبيروت _bالمركز التربوي للبحوث والانماء _c2000 |
||
| 300 |
_a40 P. _c19*27 cm. |
||
| 490 | 0 | _aLe Livre Scolaire National | |
| 650 | _aالتربية والتعليم -- كتاب الفلسفة -- الدليل التربوي -- التعليم الثانوي -- السنة الثالثة -- الإجتماع | ||
| 650 | _aكتاب الفلسفة -- الدليل التربوي -- التعليم الثانوي -- السنة الثالثة -- الإجتماع | ||
| 650 | _aالتربية والتعليم -- كتاب الفلسفة -- الدليل التربوي -- التعليم الثانوي -- السنة الثالثة -- الإقتصاد | ||
| 650 | _aكتاب الفلسفة -- الدليل التربوي -- التعليم الثانوي -- السنة الثالثة -- الإقتصاد | ||
| 650 | _aالتربية والتعليم -- كتاب الفلسفة -- الدليل التربوي -- التعليم الثانوي -- السنة الثالثة -- العلوم العامة | ||
| 650 | _aكتاب الفلسفة -- الدليل التربوي -- التعليم الثانوي -- السنة الثالثة -- العلوم العامة | ||
| 700 | 1 | _aسيف، أنطوان | |
| 942 |
_cBK _2ddc |
||
| 999 |
_c6442 _d6442 |
||